[Event "Rhein Main op 13th"]
[Site "Bad Homburg"]
[Date "2010.06.03"]
[Round "2"]
[White "Mager, Denis"]
[Black "Mayer, Joachim"]
[Result "0-1"]
[WhiteElo "1607"]
[BlackElo "2135"]
[PlyCount "82"]
[EventDate "2010.06.02"]
[EventType "swiss"]
[EventRounds "7"]
[EventCountry "GER"]
[SourceTitle "EXT 2011"]
[Source "ChessBase"]
[SourceDate "2010.11.26"]
[SourceVersion "1"]
[SourceVersionDate "2010.11.26"]
[SourceQuality "1"]

1. Nf3 d5 2. d4 c6 3. c4 e6 4. Nc3 f5 5. a3 Bd6 6. c5 Bc7 7. b4 Nf6 8. e3 0-0 9. a4 Ne4 10. Qc2 Nd7 11. Bb2 Qe7 12. Nd2 e5 13. Ne2 exd4 14. Nxd4 Ne5 15. h3 Bd7 16. N2f3 f4 17. Nxe5 Bxe5 18. 0-0-0 fxe3 19. fxe3 Nf2 20. Bd3 Nxh1 21. Bxh7+ Kh8 22. Rxh1 Rf6 23. Bd3 Raf8 24. g4 Rf2 25. Qb1 Bf6 26. Nc2 Rxc2+ 27. Qxc2 Qxe3+ 28. Kb1 Bxb2 29. Qxb2 Qxd3+ 30. Ka1 Rf1+ 31. Rxf1 Qxf1+ 32. Ka2 Qxh3 33. Qe5 Qxg4 34. Qb8+ Bc8 35. Qe5 Kh7 36. Ka3 a5 37. bxa5 Qf3+ 38. Ka2 Qf2+ 39. Kb3 Bg4 40. Qg5 Bd1+ 41. Kc3 Qf6+ 0-1

[Event "Rhein Main op 13th"]
[Site "Bad Homburg"]
[Date "2010.06.03"]
[Round "3"]
[White "Mayer, Joachim"]
[Black "Hahn, Florian"]
[Result "1/2-1/2"]
[WhiteElo "2135"]
[BlackElo "2029"]
[PlyCount "43"]
[EventDate "2010.06.02"]
[EventType "swiss"]
[EventRounds "7"]
[EventCountry "GER"]
[SourceTitle "EXT 2011"]
[Source "ChessBase"]
[SourceDate "2010.11.26"]
[SourceVersion "1"]
[SourceVersionDate "2010.11.26"]
[SourceQuality "1"]

1. d4 Nf6 2. c3 e6 3. e3 b6 4. f4 Bb7 5. Nf3 c5 6. Bd3 Be7 7. 0-0 d6 8. Qe2 Be4 9. Nbd2 Bxd3 10. Qxd3 0-0 11. e4 cxd4 12. cxd4 Qc7 13. b3 Nbd7 14. Bb2 Rac8 15. Rac1 Qb7 16. a3 Rxc1 17. Rxc1 Rc8 18. Rxc8+ Qxc8 19. Qc4 Qb7 20. Qc2 h6 21. b4 b5 22. e5 1/2-1/2

[Event "Staufer op 20th"]
[Site "Schwaebisch Gmuend"]
[Date "2008.01.03"]
[Round "3"]
[White "Mayer, Joachim"]
[Black "Pribyl, Josef"]
[Result "0-1"]
[WhiteElo "2158"]
[BlackElo "2367"]
[PlyCount "104"]
[EventDate "2008.01.02"]
[EventType "swiss"]
[EventRounds "9"]
[EventCountry "GER"]
[SourceTitle "CBM 122 Extra"]
[Source "ChessBase"]
[SourceDate "2008.03.04"]
[SourceVersion "1"]
[SourceVersionDate "2008.03.04"]
[SourceQuality "1"]

1. d4 Nf6 2. Nd2 c5 3. dxc5 Na6 4. Nb3 Nxc5 5. c3 e6 6. Nf3 d5 7. g3 Be7 8. Bg2 0-0 9. 0-0 Bd7 10. Nxc5 Bxc5 11. Ne5 Be8 12. Bg5 h6 13. Bf4 a5 14. a4 Rc8 15. Nd3 Bb6 16. Qb3 Bc6 17. Ne5 Bc7 18. Nxc6 bxc6 19. Be3 Rb8 20. Qc2 Ng4 21. Bc1 Qf6 22. e4 Bb6 23. Qe2 Qg6 24. Bh3 f5 25. exf5 exf5 26. Bxg4 fxg4 27. Be3 Rbe8 28. Qd2 Bxe3 29. fxe3 Rf3 30. Rxf3 gxf3 31. b4 Qe4 32. Kf2 Qf5 33. Rf1 Re4 34. b5 Qh3 35. Ke1 Rxa4 36. Rxf3 Ra1+ 37. Ke2 Qxh2+ 38. Rf2 Qh5+ 39. Rf3 cxb5 40. g4 Qh2+ 41. Rf2 Qh1 42. Qc2 Qe4 43. Qxe4 dxe4 44. Rf4 Ra4 45. Rf5 b4 46. cxb4 axb4 47. Rb5 Ra2+ 48. Kd1 Rg2 49. Rxb4 Rxg4 50. Ke2 h5 51. Kf2 h4 52. Rb1 Kh7 0-1

[Event "Wuerttemberg-ch MT"]
[Site "Tuebingen"]
[Date "2007.08.25"]
[Round "1"]
[White "Remmler, Hans Peter"]
[Black "Mayer, Joachim"]
[Result "1-0"]
[WhiteElo "2256"]
[BlackElo "2155"]
[PlyCount "94"]
[EventDate "2007.08.25"]
[EventType "swiss"]
[EventRounds "9"]
[EventCountry "GER"]
[SourceTitle "CBM 120 Extra"]
[Source "ChessBase"]
[SourceDate "2007.11.01"]
[SourceVersion "1"]
[SourceVersionDate "2007.11.01"]
[SourceQuality "1"]

1. e4 c6 2. d4 d5 3. e5 Bf5 4. c4 e6 5. Nc3 Bb4 6. Nf3 Ne7 7. a3 Ba5 8. b4 Bc7 9. c5 Nd7 10. Be3 0-0 11. Nh4 f6 12. f4 fxe5 13. fxe5 Nxe5 14. dxe5 Bxe5 15. Bd4 Bxd4 16. Qxd4 e5 17. Qd2 Ng6 18. Nxf5 Rxf5 19. 0-0-0 Qf6 20. Be2 e4 21. Rhf1 Nf4 22. Kc2 Nxg2 23. Nxe4 Qe5 24. Rxf5 Qxf5 25. Bd3 dxe4 26. Bc4+ Kh8 27. Qxg2 a5 28. Rf1 Qe5 29. Qg3 Qh5 30. Qd6 Qe8 31. Qe6 axb4 32. Qxe8+ Rxe8 33. axb4 h6 34. Rf7 Rb8 35. Re7 b6 36. Rxe4 bxc5 37. bxc5 Rf8 38. Kc3 g5 39. Re6 Rf2 40. Rxh6+ Kg7 41. Rxc6 Rxh2 42. Bd3 Kf7 43. Rd6 g4 44. Rd4 g3 45. Rg4 g2 46. Be4 Ke6 47. Rxg2 Rh4 1-0

[Event "Cannes op"]
[Site "Cannes"]
[Date "2006.02.12"]
[Round "1"]
[White "Mayer, Joachim"]
[Black "King, Daniel J"]
[Result "0-1"]
[WhiteElo "2175"]
[BlackElo "2526"]
[PlyCount "120"]
[EventDate "2006.02.12"]
[EventType "swiss"]
[EventRounds "7"]
[EventCountry "FRA"]
[SourceTitle "CBM 110 Extra"]
[Source "ChessBase"]
[SourceDate "2006.03.10"]
[SourceVersion "2"]
[SourceVersionDate "2006.03.10"]
[SourceQuality "1"]

1. d4 e6 2. e3 b6 3. f4 Bb7 4. Nf3 Nf6 5. Bd3 g6 6. c3 Bg7 7. 0-0 0-0 8. Qe2 d5 9. Nbd2 Nbd7 10. Ne5 c5 11. Ndf3 Ne4 12. Bd2 f6 13. Nxd7 Qxd7 14. Be1 Bc6 15. Bh4 Nd6 16. Rac1 Rac8 17. Rfd1 Ba4 18. b3 c4 19. Bc2 Bb5 20. b4 a5 21. bxa5 bxa5 22. Rb1 Rb8 23. Rb2 Bc6 24. Rdb1 Rb5 25. Rxb5 Nxb5 26. Be1 Na3 27. Rb2 Qc7 28. Bd1 Rb8 29. Qd2 Bf8 30. Qc1 Nb5 31. Rb1 Ba3 32. Qc2 Rb7 33. Bg3 Nd6 34. Nd2 Qc8 35. Bf3 Qb8 36. f5 gxf5 37. Rxb7 Qxb7 38. Nb1 Nb5 39. Bh4 Be7 40. Qc1 a4 41. Bd1 Nd6 42. Bf2 Be8 43. Bh4 Bg6 44. Bxa4 f4 45. Bc2 fxe3 46. Bxg6 hxg6 47. Be1 Ne4 48. Qc2 Kf7 49. Kf1 f5 50. g3 g5 51. a4 f4 52. Kg2 Qa8 53. Qd1 Ke8 54. Qh5+ Kd7 55. Qd1 Qb8 56. Qc2 Bd6 57. Qa2 fxg3 58. h3 Qb3 59. Qxb3 cxb3 60. Kf3 b2 0-1